India's struggle for independence 1857- 1947. (Record no. 412288)

000 -LEADER
fixed length control field 00481cam a22001457a 4500
008 - FIXED-LENGTH DATA ELEMENTS--GENERAL INFORMATION
fixed length control field 180718b1987 xxu||||| |||| 00| 0 eng d
082 ## - DEWEY DECIMAL CLASSIFICATION NUMBER
Classification number A6x5407 B525
100 ## - MAIN ENTRY--PERSONAL NAME
Personal name Chandra, Bipan
245 ## - TITLE STATEMENT
Title India's struggle for independence 1857- 1947.
Statement of responsibility, etc. by Bipan Chandra...[et.al]
260 ## - PUBLICATION, DISTRIBUTION, ETC.
Place of publication, distribution, etc. New Delhi
Name of publisher, distributor, etc. Viking
Date of publication, distribution, etc. 1987
300 ## - PHYSICAL DESCRIPTION
Extent 600p
650 ## - SUBJECT ADDED ENTRY--TOPICAL TERM
Topical term or geographic name entry element India -Politics and government -1919-1947.
650 ## - SUBJECT ADDED ENTRY--TOPICAL TERM
Topical term or geographic name entry element India -Politics and government -1857-1919
650 ## - SUBJECT ADDED ENTRY--TOPICAL TERM
Topical term or geographic name entry element Nationalism -India -History
Holdings
Withdrawn status Lost status Damaged status Not for loan Permanent Location Current Location Date acquired Full call number Barcode Date last seen Price effective from Koha item type Source of classification or shelving scheme
        Indian Institute of Public Administration Indian Institute of Public Administration 2009-02-04 A6x5407 B525 64002 2018-07-21 2018-07-21 Book  
        Indian Institute of Public Administration Indian Institute of Public Administration 2022-12-27 PKP A6x5407 B525 88943 2022-12-27 2022-12-27 Book  
        Indian Institute of Public Administration Indian Institute of Public Administration 2024-06-14 SNT A6x5407 B525   2024-06-14 2024-06-14 GR  
        Indian Institute of Public Administration Indian Institute of Public Administration 2024-06-26 SNT A6x5407 B525 GR25076 2024-06-26 2024-06-26 GR  

Powered by Koha